MDQL
is popping MORE tags! Check the
thread
!
Quizzes
Events
Quiz Creation
Community
Videos
Private Events
Remove Ads
Sign In
Join for FREE
Feedback
Dark Mode
Quiz Categories
Sports
Geography
Music
Movies
Television
Just For Fun
Miscellaneous
History
Literature
Language
Science
Gaming
Entertainment
Religion
Holiday
For Kids
Quiz Lab
Recent
Popular Today
Quiz Kudos Today
Editor Picks
Curator Picks
Quizzes by...
Day
Popularity
Type
Ratings
Length
Year
Community
Subscriptions
Recent Discussions
Orange Saloon
Badges
Playlists
Quests
Create
Leaderboards
Showdown
Live 5
Trivia Bingo
Activity
Puzzle Library
Sporcle Events
Private Events
Virtual Trivia
Globe League
Become a Host
Pub Owners
SporcleCon
Opinionation
Our Games
Videos
Blog
Mobile Apps
Partnerships
Remove Ads and Go Orange
Feedback
Sports
Athletes
MLB
NBA
NHL
NFL
Soccer
Sports Teams
WWE
NCAA
Football
Premier League
Basketball
Baseball
Hockey
Golf
Tennis
Cricket
Rugby
Auto Racing
Olympics
World Cup
Sports
Athletes
MLB
NBA
NHL
NFL
Soccer
Sports Teams
WWE
NCAA
Football
Premier League
Basketball
Baseball
Hockey
Golf
Tennis
Cricket
Rugby
Auto Racing
Olympics
World Cup
Random Quiz
Search Sporcle
×
Quiz Lab
Quiz Lab
Sports
1995
Type in answers that appear in a list
Type in answers that appear in a list
Classic
Best Score? Go Orange.
STADE RENNAIS 2006/2007 - www.rougememoire.com Stats
Joueurs ayant participés à la saison 2006/2007 du Stade Rennais
By
ROUGEmemoire
10m
28 Questions
47 Plays
47 Plays
47 Plays
Comments
Comments
Give Quiz Kudos
Give Quiz Kudos
-
- Ratings
hide this ad
Replay
Link that replays current quiz
Next Quiz
Link to next quiz in quiz playlist
You Got
0%
They Got
Avg Score
60%
Avg Friend Score
Upgrade to see
Score Distribution
Jump to the score distribution portion of the page
Score
0/28
Timer
10:00
0
Plays Today
Poste
Joueur
% Correct
Gardien
POUPLIN
87.2%
Milieu
DIDOT
85.1%
Attaquant
UTAKA
85.1%
Défenseur
EDMAN
83%
Attaquant
BRIAND
83%
Attaquant
MONTERRUBIO
80.9%
Attaquant
SOW
78.7%
Défenseur
DANZÉ
74.5%
Défenseur
MELCHIOT
74.5%
Milieu
SORLIN
70.2%
Défenseur
BOURILLON
66%
Milieu
MBIA
66%
Attaquant
KEMBO
66%
Défenseur
MENSAH
66%
Poste
Joueur
% Correct
Milieu
CHEYROU
63.8%
Attaquant
MOREIRA
61.7%
Défenseur
FATY
57.4%
Défenseur
JEUNECHAMP
55.3%
Milieu
MARVEAUX
51.1%
Attaquant
THOMERT
51.1%
Gardien
REVAULT
46.8%
Milieu
MVUEMBA
44.7%
Milieu
BRU
38.3%
Attaquant
HADJI
34%
Défenseur
PERRIER DOUMBÉ
34%
Défenseur
BORNE
31.9%
Attaquant
ESTEBAN
29.8%
Milieu
DIOP
19.1%
Quiz Playlist
Details
Report
Send in Message
Add To Playlist
Classic:
Type in answers that appear in a list
Quiz Source
Last Updated: Apr 8, 2020
Quiz Scoreboard
CHALLENGE
Sign Up to Join the Scoreboard
Show All
Scores
Hide
Comments
May contain spoilers
Recently Published
1-10 Letter E Words III
by El_Dandy
Language
2m
Street Fighter Characters
by Artimus82
Gaming
60s
College Basketball Coaching Resumes
by pancakes188
Sports
9m
More to Explore
Quiz From the Vault
Featured Blog Post
Where Did the Easter Bunny Come From?
hide this ad
You Might Also Like...
Tags
1994
1995
poste
saison
Today's Top Quizzes in Sports
Browse Sports
hide this ad
Today's Top Quizzes in 1995
Browse 1995
Top Contributed Quizzes in Sports
1
2022 World Cup Stars
2
Les meilleurs buteurs des matchs entre le PSG et l’OM
3
FIFA Club World Cup Champions
4
Les entraîneurs de l'OM et du PSG au 21e siècle
5
Criteria MLB: Left Handed Sluggers
6
2023 MLB Unique Player Accomplishments
7
AFC Teams Reveal (Wrong Answers Minefield)
8
Players with Multiple 50 Home Run Seasons
9
5-to-1: FBS Animal Nicknames
10
5-to-1: UK Sports Teams
Explore More
Trending Topics
Harry Potter
Anime
NBA
Marvel
Disney
Crossword
Kpop
Pokémon
Puzzle
Country
Soccer
The Office
WWE
Song
NFL
hide this ad
More By:
ROUGEmemoire
Quiz
Plays
Rating
Category
Featured
Created
STADE RENNAIS #QuizRM #1
6,510
Sports
Apr 8, 2020
STADE RENNAIS #QuizRM #2
1,469
Sports
Apr 8, 2020
STADE RENNAIS #QuizRM #18
1,274
Sports
Apr 25, 2020
STADE RENNAIS - Bleus
1,268
5.00
Sports
Jun 25, 2016
STADE RENNAIS #QuizRM #30
1,209
Sports
Mar 31, 2016
Go to Creator's Profile
Score Distribution
Quiz Creator Spotlight
ROUGEmemoire
Follow
Send a Message
Quizzes Created
-
Created Quiz Play Count
-
More By This Creator
Popular Quizzes Today
1
Find the US States - No Outlines Minefield
2
Find the Countries of Europe - No Outlines Minefield
3
The Countries of the World
4
Find the US States
5
Risky Map Clicking: Biggest States A-Z
6
US States
7
Popular People in 1961
8
Movies - When Are They Set?
More Sports Quizzes
NFL MVP Reveal IX
Quiz Lab
Trending Quizzes
Risky Map Clicking: Least Populous States A-Z
Billboard Blitz: Aretha Franklin
Famous Russians: Author or Composer?
Countries of the World: 200 Million BC
1-10 Letter G Words
Recently Updated
Leaping Animals
pecheneg
Reality TV Shows (A-Z)
bhenderson79
Rickey Henderson's Hall of Fame Teammates
pecheneg
Champions League XIs: Arsenal
pecheneg
Quick Pick: Celebrities in WWE's Hall of Fame
aduchscher
A-Z Keypad Blitz II
pecheneg
Multiple Oscar Actors
pecheneg
Mystery Phrase Blitz: Oscar 'Best Actors'
pecheneg
F. Scott Fitzgerald Novels
LTH
Pick 3 Villains
ddd62291
Trending Topics
Kpop
NBA
Harry Potter
Disney
Marvel
Anime
Crossword
Pokémon
Puzzle
The Office
Soccer
Country
Song
NFL
WWE
Your Account Isn't Verified!
In order to create a playlist on Sporcle, you need to verify the email address you used during registration. Go to your
Sporcle Settings
to finish the process.
Report this User
Report this user for behavior that violates our
Community Guidelines
.
Details:
Send Report
Go to the Sporcle.com Mobile Site →
Comments